书目信息 |
| 题名: |
单位工程施工组织设计编写指南
|
|
| 作者: | 王逸鹏 , 胡兴国 编著 | |
| 分册: | ||
| 出版信息: | 武汉 武汉大学出版社 2013 |
|
| 页数: | 169页 | |
| 开本: | 26cm | |
| 丛书名: | ||
| 单 册: | ||
| 中图分类: | TU721-62 | |
| 科图分类: | ||
| 主题词: | 建筑工程--施工组织--设计--指南 , 建筑工程 , 施工组织 | |
| 电子资源: | ||
| ISBN: | 978-7-307-10839-4 | |
| 000 | 01070nam0 2200253 450 | |
| 001 | 141390 | |
| 005 | 20141106143957.81 | |
| 010 | @a978-7-307-10839-4@dCNY 28.00 | |
| 100 | @a20130729d2013 em y0chiy50 ea | |
| 101 | 0 | @achi |
| 102 | @aCN@b420000 | |
| 105 | @ay z 000yy | |
| 200 | 1 | @a单位工程施工组织设计编写指南@9dan wei gong cheng shi gong zu zhi she ji bian xie zhi nan@b专著@f胡兴国,王逸鹏编著 |
| 210 | @a武汉@c武汉大学出版社@d2013 | |
| 215 | @a169页@d26cm | |
| 330 | @a本书旨在指导建筑单位工程施工组织设计的编写。全书共3章,第1章主要叙述单位工程施工组织设计的作用、内容、编制程序、编制原则以及编制重点;第2章阐述建筑单位工程施工组织设计编制要点,以及编写成果的汇总、整理与装帧;第3章阐述建筑单位工程施工组织设计所涉及的相关内容与参考资料;书末附录列举了一个建筑单位工程施工组织设计案例。 | |
| 606 | 0 | @a建筑工程@x施工组织@x设计@j指南 |
| 606 | 0 | @a建筑工程 |
| 606 | 0 | @a施工组织 |
| 690 | @aTU721-62@v5 | |
| 701 | 0 | @a王逸鹏@9wang yi peng@4编著 |
| 701 | 0 | @a胡兴国@9hu xing guo@f(1955~)@4编著 |
| 801 | 0 | @c20141106 |
| 905 | @a241430@dTU721-62@eH512 | |
| 单位工程施工组织设计编写指南/胡兴国,王逸鹏编著.-武汉:武汉大学出版社,2013 |
| 169页;26cm |
| ISBN 978-7-307-10839-4:CNY 28.00 |
| 本书旨在指导建筑单位工程施工组织设计的编写。全书共3章,第1章主要叙述单位工程施工组织设计的作用、内容、编制程序、编制原则以及编制重点;第2章阐述建筑单位工程施工组织设计编制要点,以及编写成果的汇总、整理与装帧;第3章阐述建筑单位工程施工组织设计所涉及的相关内容与参考资料;书末附录列举了一个建筑单位工程施工组织设计案例。 |
| ● |
| 相关链接 |
|
|
|
正题名:单位工程施工组织设计编写指南
索取号:TU721-62/H512
 
预约/预借
| 序号 | 登录号 | 条形码 | 馆藏地/架位号 | 状态 | 备注 |
| 1 | 0837786 | 208377861 | 建筑库201/201建筑库 29排1列2层/ [索取号:TU721-62/H512] | 在馆 | |
| 2 | 0837787 | 208377870 | 建筑库201/201建筑库 29排1列2层/ [索取号:TU721-62/H512] | 在馆 | |
| 3 | 0837788 | 208377889 | 建筑库201/201建筑库 29排1列2层/ [索取号:TU721-62/H512] | 在馆 |